Statistics for Top 10 FC Barcelona Goalscorers

Click here to take the quiz!

General Stats

  • This quiz has been taken 172 times
  • The average score is 4 of 10

Answer Stats

GoalsPeriodAnswer% Correct
6722004-2021Lionel Messi
100%
1982014-2020Luis Suárez
90%
1302004-2009Samuel Eto'o
66%
1301997-2002Rivaldo
48%
1941950-1961Lázsló Kubala
31%
1231998-2004Patrick Kluivert
23%
2321942-1955César Rodríguez
18%
1221965-1981Carles Rexach
9%
1241940-1948Mariano Martin
5%
1181934-1949Josep Escolà
3%

Score Distribution

Percentile by Number Answered

Percent of People with Each Score

Your Score History

You have not taken this quiz